[Event "GBR-ch blitz (Women)"]
[Site "Birmingham"]
[Date "2019.11.16"]
[Round "11"]
[White "Norinkeviciute, Rasa"]
[Black "Milewska, Agnieszka"]
[Result "1-0"]
[WhiteElo "1946"]
[BlackElo "1677"]
[PlyCount "93"]
[EventDate "2019.11.16"]
[EventType "tourn (blitz)"]
[EventRounds "15"]
[EventCountry "ENG"]
[SourceTitle "BritBase"]
[Source "John Saunders"]
[SourceDate "2024.03.28"]
[SourceVersion "1"]
[SourceVersionDate "2024.03.28"]
[SourceQuality "1"]

1. c4 e5 2. g3 Nf6 3. Bg2 c6 4. d4 exd4 5. Qxd4 Bb4+ 6. Bd2 Bxd2+ 7. Nxd2 O-O
8. Ngf3 Qa5 9. O-O d5 10. Nb3 Qa4 11. cxd5 Qxd4 12. Nfxd4 Nxd5 13. e4 Nf6 14.
e5 Nd5 15. Rae1 Bg4 16. h3 Bh5 17. f4 h6 18. g4 Bg6 19. f5 Bh7 20. Nc5 Nb6 21.
Nxb7 Nc4 22. Rf2 Nd7 23. Nxc6 Rae8 24. Rfe2 Kh8 25. b3 Ncb6 26. Nd6 Ra8 27. Kh2
Nc5 28. Rd1 g5 29. Ne4 Nxe4 30. Bxe4 Rac8 31. Ne7 Rc7 32. Nd5 Nxd5 33. Bxd5 Rd8
34. Red2 Rcd7 35. Kg2 Bg8 36. Kf3 Kg7 37. Ke4 f6 38. e6 Rd6 39. Rd4 Kf8 40.
R1d3 Ke7 41. Rc3 Bh7 42. Rc7+ Ke8 43. Rxh7 Rxd5 44. Rxd5 Rxd5 45. Kxd5 Kd8 46.
Kd6 Ke8 47. Rh8# 1-0

[Event "GBR-ch blitz (Women)"]
[Site "Birmingham"]
[Date "2019.11.16"]
[Round "11"]
[White "Orlovska, Madara"]
[Black "Raghavendra, Mahima"]
[Result "1-0"]
[WhiteElo "2094"]
[BlackElo "1486"]
[PlyCount "105"]
[EventDate "2019.11.16"]
[EventType "tourn (blitz)"]
[EventRounds "15"]
[EventCountry "ENG"]
[SourceTitle "BritBase"]
[Source "John Saunders"]
[SourceDate "2024.03.28"]
[SourceVersion "1"]
[SourceVersionDate "2024.03.28"]
[SourceQuality "1"]

1. d4 d5 2. Nc3 Nf6 3. Bg5 e6 4. Qd2 Nbd7 5. a3 c5 6. e3 b6 7. Nf3 Be7 8. Be2
O-O 9. h3 Bb7 10. Bf4 Ne4 11. Nxe4 dxe4 12. Nh2 Rc8 13. c3 Nf6 14. O-O Nd5 15.
Bg3 f5 16. c4 Nf6 17. Rfd1 cxd4 18. Qxd4 Qxd4 19. Rxd4 Bc5 20. Rd2 Ba6 21. b4
Be7 22. b5 Bb7 23. Be5 Rfd8 24. Rc2 Nd7 25. Bb2 Nc5 26. g4 Nd3 27. Bd4 Bc5 28.
Bc3 g6 29. Nf1 Rd7 30. Ng3 Be7 31. Rd1 Bxa3 32. Ra1 Bd6 33. Rxa7 Bxg3 34. fxg3
Rdc7 35. Bd4 Ba8 36. Bxb6 Rxa7 37. Bxa7 Nb4 38. Rd2 e5 39. c5 Bb7 40. c6 Ba8
41. Bc5 Nd3 42. Bxd3 exd3 43. Rxd3 e4 44. Rd7 Rb8 45. Bd6 Re8 46. c7 Bb7 47.
Rd8 Kf7 48. Rb8 Bc8 49. b6 Ke6 50. Bc5 Kd7 51. Bd4 Re6 52. b7 Bxb7 53. Rxb7 1-0

[Event "GBR-ch blitz (Women)"]
[Site "Birmingham"]
[Date "2019.11.16"]
[Round "11"]
[White "Sheikh, Samia Zannat"]
[Black "Arakhamia-Grant, Ketevan"]
[Result "0-1"]
[WhiteElo "1595"]
[BlackElo "2218"]
[PlyCount "110"]
[EventDate "2019.11.16"]
[EventType "tourn (blitz)"]
[EventRounds "15"]
[EventCountry "ENG"]
[SourceTitle "BritBase"]
[Source "John Saunders"]
[SourceDate "2024.03.28"]
[SourceVersion "1"]
[SourceVersionDate "2024.03.28"]
[SourceQuality "1"]

1. d4 Nf6 2. c4 g6 3. Nc3 Bg7 4. Nf3 O-O 5. Bg5 d6 6. e3 h6 7. Bh4 Nbd7 8. Be2
c6 9. Qc2 e5 10. O-O Qc7 11. Rfd1 Re8 12. Rac1 Nf8 13. d5 a6 14. a3 Bf5 15. e4
Bg4 16. h3 Bxf3 17. Bxf3 c5 18. Na2 g5 19. Bg3 Ng6 20. b4 Rac8 21. bxc5 Qxc5
22. Qb3 Rc7 23. Nb4 Nf4 24. Nd3 Qa5 25. Nxf4 exf4 26. Bh2 Nd7 27. g3 Nc5 28.
Qb4 Qxb4 29. axb4 Nb3 30. Rb1 Nd4 31. gxf4 Nxf3+ 32. Kg2 Nxh2 33. Kxh2 Rxe4 34.
c5 Rxf4 35. cxd6 Rd7 36. Rbc1 Be5 37. Rc8+ Kg7 38. Kg2 Bxd6 39. Rb1 Rxb4 40.
Rxb4 Bxb4 41. Rc4 a5 42. Rd4 Bc5 43. Rd3 b6 44. Kf3 a4 45. Ke4 a3 46. Rd2 Bd6
47. f3 Ra7 48. Ra2 b5 49. Kd4 Ra4+ 50. Kc3 Rf4 51. Rf2 Bc5 52. Rf1 a2 53. Kb2
Ra4 54. Rd1 a1=Q+ 55. Rxa1 Bd4+ 0-1

[Event "GBR-ch blitz (Women)"]
[Site "Birmingham"]
[Date "2019.11.16"]
[Round "11"]
[White "Supatan, Dawn"]
[Black "Somton, Anita"]
[Result "0-1"]
[WhiteElo "1596"]
[BlackElo "1593"]
[PlyCount "65"]
[EventDate "2019.11.16"]
[EventType "tourn (blitz)"]
[EventRounds "15"]
[EventCountry "ENG"]
[SourceTitle "BritBase"]
[Source "John Saunders"]
[SourceDate "2024.03.28"]
[SourceVersion "1"]
[SourceVersionDate "2024.03.28"]
[SourceQuality "1"]

1. e4 c6 2. d4 d5 3. exd5 cxd5 4. Nf3 Nf6 5. Bd3 Nc6 6. O-O Bg4 7. Be3 e6 8.
Nbd2 Bd6 9. c3 O-O 10. Qc2 Rc8 11. a3 b6 12. Bg5 h6 13. Bh4 Rc7 14. Bg3 Bxg3
15. fxg3 Qd6 16. Rae1 Bxf3 17. Nxf3 Rfc8 18. Qf2 Ng4 19. Qe2 Na5 20. Ne5 Nxe5
21. dxe5 Qc5+ 22. Kh1 Nc4 23. Bxc4 Qxc4 24. Qf2 a5 25. Qf4 b5 26. Rf3 Qxf4 27.
gxf4 Rb8 28. f5 exf5 29. Rxf5 b4 30. axb4 axb4 31. cxb4 Rxb4 32. h3 Rxb2 33.
Rf4 0-1

[Event "GBR-ch blitz (Women)"]
[Site "Birmingham"]
[Date "2019.11.16"]
[Round "12"]
[White "Arakhamia-Grant, Ketevan"]
[Black "Norinkeviciute, Rasa"]
[Result "1-0"]
[WhiteElo "2218"]
[BlackElo "1946"]
[PlyCount "153"]
[EventDate "2019.11.16"]
[EventType "tourn (blitz)"]
[EventRounds "15"]
[EventCountry "ENG"]
[SourceTitle "BritBase"]
[Source "John Saunders"]
[SourceDate "2024.03.28"]
[SourceVersion "1"]
[SourceVersionDate "2024.03.28"]
[SourceQuality "1"]

1. e4 d6 2. d4 Nf6 3. Nc3 Nbd7 4. Nf3 e5 5. Bc4 h6 6. O-O c6 7. a4 Qc7 8. Re1
Be7 9. h3 Nf8 10. Be3 g5 11. Nh2 Ng6 12. Ng4 Nf4 13. Nxf6+ Bxf6 14. Bxf4 gxf4
15. dxe5 dxe5 16. Qh5 Qe7 17. Rad1 Be6 18. Bxe6 Qxe6 19. Rd3 Rd8 20. Red1 Rxd3
21. Rxd3 Ke7 22. b3 Bg5 23. h4 Bf6 24. Nd1 Bg7 25. Nb2 Rd8 26. Rxd8 Kxd8 27.
Nc4 Ke7 28. a5 Kd7 29. Qd1+ Kc7 30. g3 fxg3 31. fxg3 Bf8 32. Kg2 Bc5 33. Qf3
Bf8 34. Ne3 Be7 35. Nf5 Bf8 36. Qc3 Kc8 37. Qd3 Kc7 38. a6 b6 39. Qd2 Kc8 40.
Qe2 Kc7 41. Qg4 Qd7 42. Qe2 Qe6 43. h5 Qd7 44. Qe3 Qe6 45. Qd3 Kc8 46. g4 Kc7
47. Qd2 Kc8 48. Kf3 Kc7 49. Qd3 Kc8 50. Ne3 Kc7 51. c3 Be7 52. Nf5 Bf8 53. b4
Be7 54. Qd2 Bg5 55. Qd3 Be7 56. Ng7 Qf6+ 57. Nf5 Qe6 58. c4 Bg5 59. b5 c5 60.
Qd5 Qxd5 61. exd5 Kd7 62. Ke4 f6 63. Ng7 Ke7 64. Kf5 Bf4 65. Ne6 Bh2 66. Nc7
Bg3 67. Ne6 Bh2 68. Ke4 Kd6 69. Ng7 Ke7 70. Nf5+ Kd7 71. Nxh6 Bf4 72. Nf5 Ke8
73. h6 Bxh6 74. Nxh6 Kf8 75. Kf5 Kg7 76. d6 e4 77. Kxe4 1-0

[Event "GBR-ch blitz (Women)"]
[Site "Birmingham"]
[Date "2019.11.16"]
[Round "12"]
[White "Gamal, Alaa"]
[Black "Sheikh, Samia Zannat"]
[Result "1-0"]
[WhiteElo "1709"]
[BlackElo "1595"]
[PlyCount "93"]
[EventDate "2019.11.16"]
[EventType "tourn (blitz)"]
[EventRounds "15"]
[EventCountry "ENG"]
[SourceTitle "BritBase"]
[Source "John Saunders"]
[SourceDate "2024.03.28"]
[SourceVersion "1"]
[SourceVersionDate "2024.03.28"]
[SourceQuality "1"]

1. c4 g6 2. g3 Bg7 3. Bg2 Nc6 4. Nc3 Nf6 5. e3 O-O 6. Nge2 e6 7. d4 a6 8. O-O
Ne7 9. b4 d5 10. c5 Nc6 11. b5 axb5 12. Nxb5 Bd7 13. a4 Na7 14. Rb1 Nxb5 15.
axb5 Qe7 16. Qb3 c6 17. Nc3 Ra5 18. bxc6 bxc6 19. Bd2 Rfa8 20. Qb6 R5a6 21. Qb7
R6a7 22. Qb3 Bc8 23. Rb2 Ba6 24. Rfb1 Bc4 25. Qb6 Qd7 26. Bf1 Bxf1 27. Kxf1 Ng4
28. Ne2 Nxh2+ 29. Kg2 Ng4 30. Nc1 Qc7 31. Qb3 Nf6 32. Qd1 Ne4 33. Nd3 Nxd2 34.
Qxd2 h5 35. Rb6 Ra2 36. Qe1 R2a7 37. Nb4 Rb7 38. Nxc6 Rxb6 39. Rxb6 Ra2 40. Qb1
Ra8 41. Qb5 Kh7 42. Rb7 Qc8 43. Ne7 Qf8 44. c6 Bf6 45. Qc5 Bxe7 46. Qxe7 Qxe7
47. Rxe7 1-0

[Event "GBR-ch blitz (Women)"]
[Site "Birmingham"]
[Date "2019.11.16"]
[Round "12"]
[White "Head, Louise"]
[Black "Supatan, Dawn"]
[Result "1-0"]
[WhiteElo "1844"]
[BlackElo "1596"]
[PlyCount "32"]
[EventDate "2019.11.16"]
[EventType "tourn (blitz)"]
[EventRounds "15"]
[EventCountry "ENG"]
[SourceTitle "BritBase"]
[Source "John Saunders"]
[SourceDate "2024.03.28"]
[SourceVersion "1"]
[SourceVersionDate "2024.03.28"]
[SourceQuality "1"]

1. d4 e6 2. c4 d5 3. Nc3 c5 4. cxd5 exd5 5. Nf3 Nf6 6. g3 Nc6 7. Bg2 Be6 8. O-O
Be7 9. b3 O-O 10. Ba3 b6 11. Rc1 Rc8 12. dxc5 Bxc5 13. Bxc5 bxc5 14. Na4 Nb4
15. Rxc5 Rc6 16. Rc4 Rc5 1-0

[Event "GBR-ch blitz (Women)"]
[Site "Birmingham"]
[Date "2019.11.16"]
[Round "12"]
[White "Milewska, Agnieszka"]
[Black "Arora, Prachi"]
[Result "1-0"]
[WhiteElo "1677"]
[BlackElo "1577"]
[PlyCount "64"]
[EventDate "2019.11.16"]
[EventType "tourn (blitz)"]
[EventRounds "15"]
[EventCountry "ENG"]
[SourceTitle "BritBase"]
[Source "John Saunders"]
[SourceDate "2024.03.28"]
[SourceVersion "1"]
[SourceVersionDate "2024.03.28"]
[SourceQuality "1"]

1. d4 d5 2. Nf3 Nc6 3. e3 Nf6 4. c4 dxc4 5. Bxc4 Bf5 6. Nc3 e6 7. d5 exd5 8.
Nxd5 Nxd5 9. Bxd5 Bb4+ 10. Ke2 O-O 11. Bxc6 bxc6 12. Nd4 Bg4+ 13. f3 Bh5 14. a3
Ba5 15. b4 Bb6 16. Kf2 Re8 17. Nxc6 Qxd1 18. Rxd1 Re6 19. Nd4 Bxd4 20. exd4
Rae8 21. Rd2 c6 22. Bb2 h6 23. Rc1 g5 24. g4 Bg6 25. Rc5 h5 26. h3 h4 27. Rxg5
Rf6 28. d5 Rd6 29. f4 Red8 30. f5 Rxd5 31. Rxd5 Rxd5 32. Ke3 f6 1-0

[Event "GBR-ch blitz (Women)"]
[Site "Birmingham"]
[Date "2019.11.16"]
[Round "12"]
[White "Posadas, Rayelynn"]
[Black "Raghavendra, Mahima"]
[Result "0-1"]
[WhiteElo "1815"]
[BlackElo "1486"]
[PlyCount "77"]
[EventDate "2019.11.16"]
[EventType "tourn (blitz)"]
[EventRounds "15"]
[EventCountry "ENG"]
[SourceTitle "BritBase"]
[Source "John Saunders"]
[SourceDate "2024.03.28"]
[SourceVersion "1"]
[SourceVersionDate "2024.03.28"]
[SourceQuality "1"]

1. e4 e6 2. d4 d5 3. exd5 exd5 4. Nf3 Bd6 5. h3 Ne7 6. Bd3 Be6 7. O-O h6 8. c3
Nd7 9. Bc2 c5 10. Nbd2 Qc7 11. dxc5 Nxc5 12. Nb3 Ne4 13. Qd4 Nf5 14. Qd3 O-O-O
15. Nbd4 Nxd4 16. cxd4 Kb8 17. Be3 g5 18. Bb3 g4 19. Rac1 Qd7 20. hxg4 h5 21.
g5 h4 22. Ne5 Bxe5 23. dxe5 h3 24. Bf4 hxg2 25. Kxg2 Bh3+ 26. Kg1 Qg4+ 27. Bg3
Nxg3 28. fxg3 Bxf1 29. Rxf1 Rh3 30. Rf3 Rdh8 31. Bxd5 Rh1+ 32. Kf2 R8h2+ 33.
Ke3 Re1+ 34. Qe2 Rhxe2+ 35. Kd3 Qxf3+ 36. Bxf3 Re3+ 37. Kd4 Rxf3 38. e6 fxe6
39. g6 0-1

[Event "GBR-ch blitz (Women)"]
[Site "Birmingham"]
[Date "2019.11.16"]
[Round "12"]
[White "Smith, Madeleine"]
[Black "Mirza, Diana"]
[Result "0-1"]
[WhiteElo "1354"]
[BlackElo "1772"]
[PlyCount "94"]
[EventDate "2019.11.16"]
[EventType "tourn (blitz)"]
[EventRounds "15"]
[EventCountry "ENG"]
[SourceTitle "BritBase"]
[Source "John Saunders"]
[SourceDate "2024.03.28"]
[SourceVersion "1"]
[SourceVersionDate "2024.03.28"]
[SourceQuality "1"]

1. e4 d5 2. exd5 Qxd5 3. Nc3 Qd8 4. d4 Nf6 5. Nf3 Bg4 6. Be2 e6 7. Bg5 h6 8.
Bh4 Be7 9. Qd2 Nbd7 10. h3 Bf5 11. O-O O-O 12. Rad1 c6 13. Bd3 Bxd3 14. Qxd3
Nb6 15. Ne5 Nfd5 16. Bxe7 Qxe7 17. a3 Rad8 18. Nxd5 Nxd5 19. c4 Nf4 20. Qe3 Qg5
21. Qf3 c5 22. Ng4 cxd4 23. Qxb7 h5 24. Nh2 Nxh3+ 25. Kh1 Nf4 26. g3 Ne2 27.
Qg2 d3 28. Nf3 Qc5 29. Nh4 Qxc4 30. Nf3 Qc2 31. Ne5 Qxb2 32. Nxd3 Qxa3 33. Ne5
Rxd1 34. Rxd1 Qb3 35. Re1 Qb2 36. Nc4 Qc3 37. Rxe2 Qxc4 38. Re1 a5 39. Ra1 a4
40. Qc6 Qxc6+ 41. Kh2 Qc4 42. Kg2 Rb8 43. Kh3 Qg4+ 44. Kh2 Rb2 45. Kg1 Qf3 46.
Rxa4 Qxf2+ 47. Kh1 Qh2# 0-1

[Event "GBR-ch blitz (Women)"]
[Site "Birmingham"]
[Date "2019.11.16"]
[Round "12"]
[White "Somton, Anita"]
[Black "Jina, Asha"]
[Result "1-0"]
[WhiteElo "1593"]
[BlackElo "1510"]
[PlyCount "69"]
[EventDate "2019.11.16"]
[EventType "tourn (blitz)"]
[EventRounds "15"]
[EventCountry "ENG"]
[SourceTitle "BritBase"]
[Source "John Saunders"]
[SourceDate "2024.03.28"]
[SourceVersion "1"]
[SourceVersionDate "2024.03.28"]
[SourceQuality "1"]

1. d4 Nf6 2. Nf3 g6 3. c4 d6 4. Nc3 Bg7 5. e4 O-O 6. Be2 Nc6 7. d5 Ne5 8. Nxe5
dxe5 9. O-O Nd7 10. Be3 f5 11. exf5 gxf5 12. f4 e4 13. Qe1 Qe8 14. Kh1 Qg6 15.
Qh4 Nf6 16. Rad1 Rf7 17. Nb5 e6 18. dxe6 Bxe6 19. Nxa7 c6 20. Rd6 Re7 21. b4
Qf7 22. Rc1 Ree8 23. a4 Reb8 24. b5 b6 25. Nxc6 Rc8 26. Bxb6 Rxa4 27. c5 Rca8
28. Rd8+ Rxd8 29. Nxd8 Qe8 30. Nxe6 Qxe6 31. c6 Qb3 32. c7 Ra8 33. c8=Q+ Rxc8
34. Rxc8+ Bf8 35. Bc4+ 1-0

[Event "GBR-ch blitz (Women)"]
[Site "Birmingham"]
[Date "2019.11.16"]
[Round "12"]
[White "Toma, Katarzyna"]
[Black "Orlovska, Madara"]
[Result "0-1"]
[WhiteElo "2210"]
[BlackElo "2094"]
[PlyCount "62"]
[EventDate "2019.11.16"]
[EventType "tourn (blitz)"]
[EventRounds "15"]
[EventCountry "ENG"]
[SourceTitle "BritBase"]
[Source "John Saunders"]
[SourceDate "2024.03.28"]
[SourceVersion "1"]
[SourceVersionDate "2024.03.28"]
[SourceQuality "1"]

1. e4 c5 2. Nf3 d6 3. d4 cxd4 4. Nxd4 Nf6 5. Nc3 g6 6. Be3 Bg7 7. f3 Nc6 8. Bc4
Bd7 9. Qd2 O-O 10. O-O-O Ne5 11. Be2 Rc8 12. Kb1 a6 13. h4 h5 14. Nb3 b5 15.
Nd5 Be6 16. Bg5 Bxd5 17. exd5 Nc4 18. Bxc4 bxc4 19. Nc1 c3 20. bxc3 a5 21. Nb3
a4 22. Bxf6 Bxf6 23. Nd4 a3 24. Ka1 Rc5 25. Qe3 Qa5 26. Rb1 Rxc3 27. Qd2 Qc5
28. Rhd1 Rxc2 29. Qb4 Qc7 30. Qxa3 Rc4 31. Qd3 Rxd4 0-1

[Event "GBR-ch blitz (Women)"]
[Site "Birmingham"]
[Date "2019.11.16"]
[Round "13"]
[White "Arora, Prachi"]
[Black "Arakhamia-Grant, Ketevan"]
[Result "0-1"]
[WhiteElo "1577"]
[BlackElo "2218"]
[PlyCount "49"]
[EventDate "2019.11.16"]
[EventType "tourn (blitz)"]
[EventRounds "15"]
[EventCountry "ENG"]
[SourceTitle "BritBase"]
[Source "John Saunders"]
[SourceDate "2024.03.28"]
[SourceVersion "1"]
[SourceVersionDate "2024.03.28"]
[SourceQuality "1"]

1. e4 c5 2. Nf3 Nc6 3. Nc3 e5 4. Bc4 Be7 5. O-O Nf6 6. d3 O-O 7. Bg5 d6 8. Qd2
Be6 9. Nd5 Bxd5 10. Bxd5 Nxd5 11. exd5 Nd4 12. Bxe7 Nxf3+ 13. gxf3 Qxe7 14. Kh1
Qf6 15. Qe3 Rfe8 16. Rg1 Rac8 17. Rae1 g6 18. Rg3 b6 19. Rh3 c4 20. dxc4 Rxc4
21. Rg1 Rxc2 22. Qh6 Qg7 23. Qxg7+ Kxg7 24. b3 Rec8 25. Rg4 0-1

[Event "GBR-ch blitz (Women)"]
[Site "Birmingham"]
[Date "2019.11.16"]
[Round "13"]
[White "Jina, Asha"]
[Black "Head, Louise"]
[Result "0-1"]
[WhiteElo "1510"]
[BlackElo "1844"]
[PlyCount "48"]
[EventDate "2019.11.16"]
[EventType "tourn (blitz)"]
[EventRounds "15"]
[EventCountry "ENG"]
[SourceTitle "BritBase"]
[Source "John Saunders"]
[SourceDate "2024.03.28"]
[SourceVersion "1"]
[SourceVersionDate "2024.03.28"]
[SourceQuality "1"]

1. Nf3 d5 2. g3 Nf6 3. Bg2 c6 4. O-O Bf5 5. c4 e6 6. d4 Be7 7. Nh4 Be4 8. f3
Bxb1 9. Rxb1 Nfd7 10. Qe1 g5 11. e4 gxh4 12. exd5 cxd5 13. cxd5 Qb6 14. gxh4
Qxd4+ 15. Be3 Qxd5 16. f4 Qb5 17. Qc3 O-O 18. Kh1 Bf6 19. Qc2 Nc6 20. Rg1 Kh8
21. Be4 Rac8 22. Bxh7 Nb4 23. Qd1 Kxh7 24. Qxd7 Qxd7 0-1

[Event "GBR-ch blitz (Women)"]
[Site "Birmingham"]
[Date "2019.11.16"]
[Round "13"]
[White "Mirza, Diana"]
[Black "Milewska, Agnieszka"]
[Result "1-0"]
[WhiteElo "1772"]
[BlackElo "1677"]
[PlyCount "105"]
[EventDate "2019.11.16"]
[EventType "tourn (blitz)"]
[EventRounds "15"]
[EventCountry "ENG"]
[SourceTitle "BritBase"]
[Source "John Saunders"]
[SourceDate "2024.03.28"]
[SourceVersion "1"]
[SourceVersionDate "2024.03.28"]
[SourceQuality "1"]

1. e4 e5 2. Nf3 Nc6 3. Nc3 Bc5 4. g3 d6 5. Bg2 Bg4 6. h3 Bh5 7. g4 Bg6 8. O-O
Nf6 9. d3 O-O 10. Na4 Bb6 11. Nxb6 axb6 12. Bg5 h6 13. Bh4 Re8 14. Bg3 Ne7 15.
Nh4 c6 16. f4 exf4 17. Bxf4 Nh7 18. Nf5 Bxf5 19. exf5 d5 20. Qd2 c5 21. d4 Nc6
22. dxc5 bxc5 23. Qxd5 Qb6 24. Qb3 Nb4 25. Kh1 Qa6 26. a3 Nc6 27. Bd5 Rf8 28.
Bd6 Nf6 29. Bxf8 Nxd5 30. Bxc5 Nc7 31. Qb6 Qxb6 32. Bxb6 Nd5 33. Bc5 b6 34. Bd6
Rd8 35. Bg3 Ne3 36. Rf2 b5 37. Re1 Nd5 38. Rd2 Rd7 39. Red1 Nce7 40. b3 Ra7 41.
Bd6 Ra6 42. Bc5 Nf4 43. Rd7 Ned5 44. R1xd5 Nxd5 45. Rxd5 Rc6 46. a4 bxa4 47.
bxa4 f6 48. c3 Kf7 49. Bb4 Ke8 50. Rd6 Rc4 51. a5 Re4 52. Re6+ Rxe6 53. fxe6
1-0

[Event "GBR-ch blitz (Women)"]
[Site "Birmingham"]
[Date "2019.11.16"]
[Round "13"]
[White "Norinkeviciute, Rasa"]
[Black "Gamal, Alaa"]
[Result "1-0"]
[WhiteElo "1946"]
[BlackElo "1709"]
[PlyCount "72"]
[EventDate "2019.11.16"]
[EventType "tourn (blitz)"]
[EventRounds "15"]
[EventCountry "ENG"]
[SourceTitle "BritBase"]
[Source "John Saunders"]
[SourceDate "2024.03.28"]
[SourceVersion "1"]
[SourceVersionDate "2024.03.28"]
[SourceQuality "1"]

1. c4 g6 2. g3 c5 3. Bg2 Bg7 4. Nc3 Nc6 5. Nf3 e6 6. e4 Nge7 7. d3 a6 8. a3 O-O
9. O-O b6 10. Rb1 d5 11. cxd5 exd5 12. Qe2 d4 13. Nd1 Bb7 14. Nd2 Qc7 15. f4 b5
16. b3 Na5 17. Nf2 Rae8 18. Bb2 Nc8 19. Qd1 Nc6 20. Rc1 Qe7 21. Nf3 Nb6 22. Qc2
Na5 23. Nd2 Rc8 24. h3 Qe6 25. Kh2 Rfe8 26. Qd1 f5 27. e5 Nd5 28. Re1 Re7 29.
Nf1 Nb6 30. Bxb7 Rec7 31. Bxc8 Rxc8 32. b4 Nb3 33. Rc2 Rc7 34. bxc5 Nxc5 35.
Ree2 Qd5 36. Qb1 Nca4 1-0

[Event "GBR-ch blitz (Women)"]
[Site "Birmingham"]
[Date "2019.11.16"]
[Round "13"]
[White "Orlovska, Madara"]
[Black "Somton, Anita"]
[Result "1-0"]
[WhiteElo "2094"]
[BlackElo "1593"]
[PlyCount "53"]
[EventDate "2019.11.16"]
[EventType "tourn (blitz)"]
[EventRounds "15"]
[EventCountry "ENG"]
[SourceTitle "BritBase"]
[Source "John Saunders"]
[SourceDate "2024.03.28"]
[SourceVersion "1"]
[SourceVersionDate "2024.03.28"]
[SourceQuality "1"]

1. d4 d5 2. Bf4 c5 3. e3 Nf6 4. h3 Nc6 5. c3 Qb6 6. Qc1 g6 7. Nf3 Bg7 8. Nbd2
cxd4 9. exd4 O-O 10. Bd3 Bd7 11. O-O Rac8 12. a3 Nh5 13. Be3 e5 14. dxe5 Qc7
15. g4 Nxe5 16. Nxe5 Qxe5 17. Nf3 Qf6 18. Kg2 Bc6 19. Bg5 Qd6 20. gxh5 d4 21.
Qf4 Qd5 22. c4 Qd7 23. h6 Bh8 24. Bf6 Qe6 25. Bxh8 Kxh8 26. Rae1 Qd7 27. Qf6+
1-0

[Event "GBR-ch blitz (Women)"]
[Site "Birmingham"]
[Date "2019.11.16"]
[Round "13"]
[White "Raghavendra, Mahima"]
[Black "Toma, Katarzyna"]
[Result "0-1"]
[WhiteElo "1486"]
[BlackElo "2210"]
[PlyCount "64"]
[EventDate "2019.11.16"]
[EventType "tourn (blitz)"]
[EventRounds "15"]
[EventCountry "ENG"]
[SourceTitle "BritBase"]
[Source "John Saunders"]
[SourceDate "2024.03.28"]
[SourceVersion "1"]
[SourceVersionDate "2024.03.28"]
[SourceQuality "1"]

1. e4 e5 2. Nf3 d6 3. Nc3 Nd7 4. Bc4 Be7 5. d4 c6 6. O-O h6 7. Re1 Ngf6 8. d5
O-O 9. a4 a5 10. Be3 Nb6 11. Bb3 cxd5 12. Nxd5 Nbxd5 13. exd5 Bg4 14. h3 Bh5
15. g4 Bg6 16. c4 Nd7 17. Bc2 Bxc2 18. Qxc2 Rc8 19. b3 Nc5 20. Bxc5 Rxc5 21.
Qc3 f5 22. Nd2 Bg5 23. f3 Qf6 24. Rf1 b6 25. Rae1 Bf4 26. Re2 Qh4 27. Rfe1 Qxh3
28. Rg2 fxg4 29. Rxg4 Qh2+ 30. Kf1 Bxd2 31. Rg2 Qxg2+ 32. Kxg2 Bxc3 0-1

[Event "GBR-ch blitz (Women)"]
[Site "Birmingham"]
[Date "2019.11.16"]
[Round "13"]
[White "Sheikh, Samia Zannat"]
[Black "Posadas, Rayelynn"]
[Result "1-0"]
[WhiteElo "1595"]
[BlackElo "1815"]
[PlyCount "87"]
[EventDate "2019.11.16"]
[EventType "tourn (blitz)"]
[EventRounds "15"]
[EventCountry "ENG"]
[SourceTitle "BritBase"]
[Source "John Saunders"]
[SourceDate "2024.03.28"]
[SourceVersion "1"]
[SourceVersionDate "2024.03.28"]
[SourceQuality "1"]

1. d4 g6 2. c4 Bg7 3. Nc3 Nf6 4. Nf3 d6 5. Bg5 Nbd7 6. e3 O-O 7. Be2 c6 8. Qc2
e5 9. O-O Qc7 10. Rac1 b6 11. Rfd1 Bb7 12. h3 Rfe8 13. a3 e4 14. Nd2 d5 15.
cxd5 cxd5 16. Nb5 Qxc2 17. Rxc2 Rec8 18. Rxc8+ Bxc8 19. Nd6 Bf8 20. Nxc8 Rxc8
21. Bb5 Rc2 22. b4 Kg7 23. Nf1 Ra2 24. a4 Bxb4 25. Rc1 a6 26. Bxa6 Rxa4 27. Bb5
Ra7 28. Bxd7 Rxd7 29. Rc6 Ba5 30. Bxf6+ Kh6 31. Be5 Rb7 32. g4 b5 33. h4 Bd8
34. g5+ Kh5 35. Bg3 b4 36. Rc1 b3 37. Rb1 b2 38. Kg2 Ba5 39. f4 Bc3 40. Bf2 Ra7
41. Ng3+ Kg4 42. Ne2 Rc7 43. Nxc3 Rxc3 44. Rxb2 1-0

[Event "GBR-ch blitz (Women)"]
[Site "Birmingham"]
[Date "2019.11.16"]
[Round "13"]
[White "Supatan, Dawn"]
[Black "Smith, Madeleine"]
[Result "0-1"]
[WhiteElo "1596"]
[BlackElo "1354"]
[PlyCount "49"]
[EventDate "2019.11.16"]
[EventType "tourn (blitz)"]
[EventRounds "15"]
[EventCountry "ENG"]
[SourceTitle "BritBase"]
[Source "John Saunders"]
[SourceDate "2024.03.28"]
[SourceVersion "1"]
[SourceVersionDate "2024.03.28"]
[SourceQuality "1"]

1. e4 e5 2. Nc3 Nf6 3. f4 d6 4. d4 exd4 5. Qxd4 Nc6 6. Qd1 Bg4 7. Nf3 Be7 8.
Bb5 O-O 9. O-O a6 10. Be2 Re8 11. Qe1 Qd7 12. h3 Bxf3 13. Bxf3 Nd4 14. Qf2
Nxf3+ 15. Qxf3 c6 16. f5 d5 17. exd5 cxd5 18. Qg3 Bc5+ 19. Kh1 d4 20. Nb1 Ne4
21. Qg4 d3 22. cxd3 Nf2+ 23. Rxf2 Bxf2 24. Bh6 f6 25. Qf3 0-1

[Event "GBR-ch blitz (Women)"]
[Site "Birmingham"]
[Date "2019.11.16"]
[Round "14"]
[White "Arakhamia-Grant, Ketevan"]
[Black "Mirza, Diana"]
[Result "1-0"]
[WhiteElo "2218"]
[BlackElo "1772"]
[PlyCount "69"]
[EventDate "2019.11.16"]
[EventType "tourn (blitz)"]
[EventRounds "15"]
[EventCountry "ENG"]
[SourceTitle "BritBase"]
[Source "John Saunders"]
[SourceDate "2024.03.28"]
[SourceVersion "1"]
[SourceVersionDate "2024.03.28"]
[SourceQuality "1"]

1. e4 e5 2. Nf3 d6 3. d4 Nd7 4. Bc4 h6 5. Nc3 Ngf6 6. O-O Be7 7. a4 exd4 8.
Nxd4 Ne5 9. Ba2 O-O 10. h3 c6 11. f4 Ng6 12. Be3 Re8 13. Qf3 b6 14. Nxc6 Qc7
15. Nxe7+ Nxe7 16. Bd4 Nh7 17. Qh5 Be6 18. Bxe6 fxe6 19. Qg4 Nc6 20. Be3 Nf6
21. Qf3 Nb4 22. Rf2 d5 23. Bd4 Nxe4 24. Nxe4 dxe4 25. Qxe4 Rac8 26. Bc3 Nd5 27.
Be5 Qc5 28. Raf1 Ne3 29. Bd4 Qf5 30. Qxe3 Rxc2 31. Rxc2 Qxc2 32. Qe5 Qg6 33.
Kh2 Rc8 34. Rf3 Rc2 35. Rg3 1-0